[Event "Macaubal Tsiloufas Memorial 2nd"]
[Site "Macaubal"]
[Date "2025.03.03"]
[Round "5"]
[White "Lima, Nadia Camily Alexan"]
[Black "Araujo, Inacio Gabriel Bisp"]
[Result "1-0"]
[WhiteElo "1835"]
[BlackElo "1744"]
[PlyCount "39"]
[EventDate "2025.03.01"]
[EventType "swiss"]
[EventRounds "6"]
[EventCountry "BRA"]
[SourceTitle "CB11_2025"]
[SourceDate "2025.03.12"]
[SourceVersion "1"]
[SourceVersionDate "2025.03.12"]
[SourceQuality "1"]

1. e4 c5 2. d4 Nf6 3. e5 Ne4 4. Bd3 d5 5. exd6 exd6 6. Bxe4 d5 7. Bf3 Nc6 8. dxc5 Bxc5 9. Bxd5 Be6 10. Nc3 Bxd5 11. Nxd5 0-0 12. Ne2 Nd4 13. b4 Qb6 14. Nxb6 Bxb6 15. Nxd4 Bxd4 16. Qxd4 Rfe8+ 17. Be3 b6 18. Qg4 a5 19. 0-0 axb4 20. Bh6 1-0